000
00311nam a22001337a 4500
008
170615b xxu||||| |||| 00| 0 eng d
020
_a
9780813119991
041
_a
eng
080
_a
94
100
_a
16
101
_a
SHH
245
_a
THE KURDISH NATIONALIST MOVEMENT IN THE 1990S
_c
OLSON,R
942
_2
udc
_c
BK
999
_c
17599
_d
17599